Logo BPK

Biblioteka

Politechniki Koszalińskiej

A statistical focus on Wales ; Ffocws ystadegol Cymru / (Rekord nr 49249)

Szczegóły MARC
000 -ETYKIETA REKORDU
podpole kontrolne o stałej długości 00676nam a2200217 i 4500
001 - NUMER KONTROLNY REKORDU
pole kontrolne bgj
020 ## - MIĘDZYNARODOWY ZNORMALIZOWANY NUMER KSIĄŻKI - ISBN
ISBN 0750416815
040 ## - ŹRÓDŁO KATALOGOWANIA
Instytucja, która utworzyła rekord BPK
041 0# - KOD JĘZYKA
Kod języka tekstu eng
920 ## - Międzynarodowy znormalizowany numer książki – ISBN
ISBN 0-7504-1681-5
008 - POLE O STAŁEJ DŁUGOŚCI - DANE KONTROLNE
podpole kontrolne o stałej długości s uk f |000 0 eng
245 00 - TYTUŁ/ODPOWIEDZIALNOŚĆ
Tytuł A statistical focus on Wales ; Ffocws ystadegol Cymru /
Pozostałe elementy strefy tytułu i oznaczenia odpowiedzialności edited by Richard Alldritt ; Stephen Hughes Clive Lewis ; Clive Lewis.
260 ## - STREFA ADRESU WYDAWNICZEGO
Miejsce wydania Crown,
Data publikacji, dystrybucji/powstania dokumentu c. 1996.
300 ## - STREFA OPISU FIZYCZNEGO
Objętość 44 pp :
Inne cechy fizyczne maps, graphs, tables ;
Rozmiary 30 cm.
504 ## - UWAGA DOTYCZĄCA BIBLIOGRAFII
Informacje o bibliografii Bibliography p. 39-42.
651 #9 - HASŁO PRZEDMIOTOWE W FORMIE NAZWY GEOGRAFICZNEJ
Nazwa geograficzna Wales
Określnik ogólny Statistic
700 1# - HASŁO DODATKOWE - NAZWA OSOBOWA
Nazwa osobowa ALLDRITT, Richard.
Określenie związku między hasłem a opisywanym materiałem co-editor
700 1# - HASŁO DODATKOWE - NAZWA OSOBOWA
Nazwa osobowa HUGHES, Stephen.
Określenie związku między hasłem a opisywanym materiałem co-editor
700 1# - HASŁO DODATKOWE - NAZWA OSOBOWA
Nazwa osobowa LEWIS, Clive.
Określenie związku między hasłem a opisywanym materiałem co-editor
856 ## - LOKALIZACJA I DOSTĘP DO ELEKTRONICZNYCH DOKUMENTÓW ZDALNYCH
Link (URL) http://koha.tu.koszalin.pl/cgi-bin/koha/opac-detail.pl?biblionumber=49249
Tekst linku Katalog online BPK
942 ## - DODATKOWE ELEMENTY (KOHA)
Typ dokumentu Książka
Egzemplarze
Wycofany Status egzemplarza Uszkodzony Dostępność Lokalizacja stała Lokalizacja bieżąca Miejsce przechowywania Sygnatura Kod kreskowy Typ dokumentu
      Tylko na miejscu Biblioteka Politechniki Koszalińskiej Biblioteka Politechniki Koszalińskiej Czytelnia Wydziałowa ul. Kwiatkowskiego 6e BR 102 09000940 Książka
© 2023 Biblioteka Politechniki Koszalińskiej :: KOHA